000 00274nam a2200121 a 4500
008 101026s1968|||| d
100 1 _aMarič, Mihailo
245 1 0 _aKráľ bez trónu
020 _c24
260 _bVPL
_aBratislava
_c1968
041 _aslo
044 _axo
_cSK
999 _c12284
_d12284